Advances in chemical physics (Record no. 4186)

MARC details
000 -LEADER
fixed length control field 00550nam a2200181Ia 4500
003 - CONTROL NUMBER IDENTIFIER
control field IN-BaIIA
008 - FIXED-LENGTH DATA ELEMENTS--GENERAL INFORMATION
fixed length control field 211028s9999 xx 000 0 eng d
040 ## - CATALOGING SOURCE
Transcribing agency IIA Library
080 ## - UNIVERSAL DECIMAL CLASSIFICATION NUMBER
Universal Decimal Classification number 54:53(047.1)
Item number ACP-16
245 #0 - TITLE STATEMENT
Title Advances in chemical physics
Remainder of title vol. 16
Statement of responsibility, etc. edited by I. Prigogine and S. A. Rice
260 ## - PUBLICATION, DISTRIBUTION, ETC.
Place of publication, distribution, etc. London
Name of publisher, distributor, etc. John Wiley & Sons
Date of publication, distribution, etc. 1969
300 ## - PHYSICAL DESCRIPTION
Extent ix, 419p.
650 ## - SUBJECT ADDED ENTRY--TOPICAL TERM
Topical term or geographic name entry element Astronomy and Astrophysics Thesaurus
650 ## - SUBJECT ADDED ENTRY--TOPICAL TERM
Topical term or geographic name entry element Astronomy-History
9 (RLIN) 900
700 ## - ADDED ENTRY--PERSONAL NAME
Personal name Prigogine, I., ed.
9 (RLIN) 7360
700 ## - ADDED ENTRY--PERSONAL NAME
Personal name Rice, S. A., ed.
9 (RLIN) 7361
942 ## - ADDED ENTRY ELEMENTS (KOHA)
Koha item type Books
Holdings
Withdrawn status Lost status Damaged status Not for loan Home library Current library Shelving location Date acquired Cost, normal purchase price Total Checkouts Full call number Barcode Date last seen Cost, replacement price Price effective from Koha item type Purchase Price
        IIA Library-Bangalore IIA Library-Bangalore General Stacks 19/04/1973 171.00   54:53(047.1)/ ACP-16 4673 05/11/2021 171.00 19/04/1973 Books Rs. 171.00

Powered by Koha